| 000 | 00521nam a2200145Ia 4500 | ||
|---|---|---|---|
| 008 | 170224s9999 xx 000 0 und d | ||
| 100 | _aBabak Taheri, | ||
| 245 | _aContemporary issues in museums and heritage marketing management: introduction to the special issue Babak Taheri, Kevin O’Gorman & Ian Baxter | ||
| 245 | _cBabak Taheri, Kevin O’Gorman & Ian Baxter | ||
| 260 | _bJournal of Marketing Research | ||
| 260 | _c2016 | ||
| 300 | _a32:15-16,Pages: 1387-1391 | ||
| 500 | _aNovember | ||
| 650 | _xMarketing. | ||
| 999 |
_c315966 _d315966 |
||